00867cam a22002653a 45000010005000000030006000050050017000110080041000280400015000690420007000840500007000911000029000982450077001272600029002045060030002335160020002636530037002836530028003206530059003486530061004076530034004687000030005028300028005328560041005606048PGUSA20140828083127.0040701s2004||||xxu|||||s|||||000 | eng d aPGUSAbeng adc 4aBR1 aBunyan, John,d1628-168810aWorks of John Bunyan — Volume 03h[electronic resource] /cJohn Bunyan bProject Gutenberg,c2004 aPublic domain in the USA. aElectronic text aPuritans -- England -- Biography aBunyan, John, 1628-1688 aChristian literature, English -- History and criticism aAuthors, English -- Early modern, 1500-1700 -- Biography aChristian literature, English1 aOffor, George,d1787-1864 0aProject Gutenbergv604840uhttp://www.gutenberg.org/ebooks/6048